[Event "1. OEsterreichische Internet Schach Meisterschaft - Vorrunde 1"]
[Site "Online - Playchess.com"]
[Date ""]
[Round "7"]
[Board "53"]
[White "Putz, Georg"]
[Black "Lammer, Michael"]
[Result "1-0"]
[WhiteElo "2071"]
[BlackElo "1499"]
[PlyCount "111"]
[EventDate "2020.04.11"]
[EventRounds "9"]
[EventCountry "AUT"]

1. e4 e5 2. d4 exd4 3. Qxd4 Nc6 4. Qe3 Nf6 5. Nc3 Nb4 6. Bd3 Nxd3+ 7. cxd3 b6
8. Nf3 Ba6 9. O-O Ng4 10. Qe2 Bb4 11. a3 Be7 12. h3 Nf6 13. e5 Nh5 14. g4 Nf4
15. Bxf4 O-O 16. Rfd1 f6 17. exf6 Bxf6 18. Bg3 Re8 19. Ne4 d5 20. Nxf6+ Qxf6
21. Be5 Qe6 22. Qe3 Re7 23. d4 Rae8 24. Re1 Qc6 25. Rac1 Qb5 26. Qc3 Qd3 27.
Qxd3 Bxd3 28. Re3 Be4 29. Rxc7 Rxc7 30. Bxc7 Rc8 31. Be5 Rc1+ 32. Re1 Rc2 33.
Ng5 h6 34. Nxe4 dxe4 35. Rxe4 Rxb2 36. d5 Ra2 37. Re3 Rd2 38. d6 Rd5 39. f4 Kf7
40. Rc3 Ke6 41. Rc7 a5 42. Rxg7 Rd1+ 43. Kf2 Rd2+ 44. Kg3 Ra2 45. Re7+ Kd5 46.
d7 Rxa3+ 47. Kh4 Kc6 48. d8=Q a4 49. Qc7+ Kb5 50. Bd6 Rd3 51. Re5+ Ka6 52. Qc4+
b5 53. Qxd3 Kb6 54. Qxb5+ Ka7 55. Re7+ Ka8 56. Qb7#  1-0

[Event "1. OEsterreichische Internet Schach Meisterschaft - Vorrunde 1"]
[Site "Online - Playchess.com"]
[Date ""]
[Round "7"]
[Board "54"]
[White "Schroll, Gerhard"]
[Black "Buchner, Martin"]
[Result "1-0"]
[WhiteElo "2321"]
[BlackElo "2055"]
[PlyCount "51"]
[EventDate "2020.04.11"]
[EventRounds "9"]
[EventCountry "AUT"]

1. b3 d5 2. Bb2 Nc6 3. f4 e6 4. Nf3 Nf6 5. e3 Bd6 6. Bb5 Bd7 7. d3 Qe7 8. O-O
a6 9. Bxc6 Bxc6 10. Ne5 Bd7 11. Nd2 Bc5 12. Qe2 b5 13. Ndf3 Bd6 14. Nxd7 Qxd7
15. Ne5 Bxe5 16. fxe5 Ng8 17. Rf2 Ne7 18. Raf1 O-O 19. Ba3 Rac8 20. Bc5 c6 21.
Qh5 g6 22. Qg5 Rce8 23. Rf3 Kg7 24. Qf6+ Kg8 25. Rh3 Rc8 26. Bxe7 {Mbuchner98
gibt auf}  1-0

[Event "1. OEsterreichische Internet Schach Meisterschaft - Vorrunde 1"]
[Site "Online - Playchess.com"]
[Date ""]
[Round "7"]
[Board "55"]
[White "Teuschler, Hugo"]
[Black "Rotter, Harald"]
[Result "0-1"]
[WhiteElo "2055"]
[BlackElo "1854"]
[PlyCount "82"]
[EventDate "2020.04.11"]
[EventRounds "9"]
[EventCountry "AUT"]

1. e4 e6 2. d4 d5 3. Nd2 c5 4. Ngf3 Be7 5. exd5 Qxd5 6. Bc4 Qh5 7. dxc5 Qxc5 8.
O-O Nf6 9. Qe2 Bd7 10. a3 O-O 11. b4 Qc7 12. Bb2 Nc6 13. Nb3 b6 14. Rad1 Rad8
15. h3 Bc8 16. Ne5 Bb7 17. f4 Rd6 18. Bb5 Rfd8 19. Rxd6 Bxd6 20. Rd1 Nd5 21. g3
Nxe5 22. fxe5 Be7 23. Bd3 Nc3 24. Bxc3 Qxc3 25. Qe1 Qc7 26. Qe2 Bd5 27. Rf1
Bxb3 28. cxb3 Qc3 29. Rf3 Qc1+ 30. Kg2 Qc7 31. Qe4 g6 32. h4 Bf8 33. g4 Bg7 34.
Qf4 Bxe5 35. Qe4 Rd4 36. Qe2 Rxg4+ 37. Kh1 Rxh4+ 38. Kg1 Bh2+ 39. Kf1 Bg3 40.
Bc4 Rh1+ 41. Kg2 Rh2+  0-1

[Event "1. OEsterreichische Internet Schach Meisterschaft - Vorrunde 1"]
[Site "Online - Playchess.com"]
[Date ""]
[Round "7"]
[Board "56"]
[White "Janes, Christian"]
[Black "Horvath, Maria"]
[Result "0-1"]
[WhiteElo "1740"]
[BlackElo "1995"]
[PlyCount "104"]
[EventDate "2020.04.11"]
[EventRounds "9"]
[EventCountry "AUT"]

1. e4 c5 2. Nf3 Nc6 3. c3 e6 4. Bb5 d5 5. Bxc6+ bxc6 6. exd5 cxd5 7. O-O Nf6 8.
d4 c4 9. Ne5 Be7 10. b3 cxb3 11. axb3 Bb7 12. Bg5 O-O 13. Nd2 h5 14. Ndf3 g6
15. h3 Ne4 16. Bxe7 Qxe7 17. Qd3 a5 18. Qe3 Rfc8 19. Rac1 a4 20. b4 Ba6 21.
Rfe1 Rc7 22. h4 Rac8 23. Qh6 Qf8 24. Qxf8+ Kxf8 25. Nh2 Rxc3 26. Rxc3 Rxc3 27.
Nd7+ Ke7 28. Nc5 Nxc5 29. bxc5 a3 30. Ra1 Kd7 31. Nf3 f6 32. Kh2 Bc4 33. Nd2 a2
34. Nxc4 Rxc4 35. Rxa2 Rxd4 36. Ra6 Rc4 37. Rd6+ Ke7 38. Rc6 e5 39. g3 d4 40.
Kg2 d3 41. Kf3 e4+ 42. Ke3 f5 43. Rc7+ Ke6 44. c6 Rc2 45. f4 Re2+ 46. Kd4 d2
47. Kc5 d1=Q 48. Rb7 Rc2+ 49. Kb6 Qd8+ 50. c7 Qd6+ 51. Ka7 Rxc7 52. Rxc7 Qxc7+
 0-1

[Event "1. OEsterreichische Internet Schach Meisterschaft - Vorrunde 1"]
[Site "Online - Playchess.com"]
[Date ""]
[Round "7"]
[Board "57"]
[White "Rosol, Alexander"]
[Black "Chen, Qingxia"]
[Result "1-0"]
[WhiteElo "1933"]
[BlackElo "1776"]
[PlyCount "51"]
[EventDate "2020.04.11"]
[EventRounds "9"]
[EventCountry "AUT"]

1. e4 e5 2. Nf3 Nc6 3. d4 exd4 4. Bc4 Bc5 5. c3 d6 6. O-O Nf6 7. cxd4 Bb4 8.
Bg5 h6 9. Bh4 Bg4 10. a3 Ba5 11. Qb3 O-O 12. e5 Bxf3 13. exf6 g5 14. Qxf3 Nxd4
15. Qg4 Qxf6 16. f4 Bb6 17. Kh1 Qf5 18. Qg3 g4 19. Bd3 Qh5 20. Nc3 f5 21. Nd5
Kh8 22. Rae1 Qg6 23. Re7 Rae8 24. Rfe1 Rxe7 25. Nxe7 Qg7 26. Nd5 {Zeit}  1-0

[Event "1. OEsterreichische Internet Schach Meisterschaft - Vorrunde 1"]
[Site "Online - Playchess.com"]
[Date ""]
[Round "7"]
[Board "58"]
[White "Heinritz, Dietmar"]
[Black "Ussar, Reinhard"]
[Result "1-0"]
[WhiteElo "1887"]
[BlackElo "1676"]
[PlyCount "61"]
[EventDate "2020.04.11"]
[EventRounds "9"]
[EventCountry "AUT"]

1. d4 Nf6 2. c4 c5 3. dxc5 e5 4. e3 Bxc5 5. Be2 O-O 6. Nf3 Re8 7. O-O d5 8.
cxd5 Nxd5 9. Qc2 Qb6 10. Rd1 Nb4 11. Qb3 Be6 12. Bc4 N8c6 13. Bxe6 Rxe6 14. a3
Na5 15. Qa4 Nbc6 16. b4 Nxb4 17. axb4 Bxb4 18. Bd2 Rd8 19. Bxb4 Rxd1+ 20. Qxd1
Qxb4 21. Qd8+ Qf8 22. Qxf8+ Kxf8 23. Rxa5 f6 24. Nbd2 Rd6 25. e4 g5 26. g4 h5
27. h3 hxg4 28. hxg4 Rd3 29. Rxa7 Rb3 30. Kg2 Rc3 31. Rxb7  1-0

[Event "1. OEsterreichische Internet Schach Meisterschaft - Vorrunde 1"]
[Site "Online - Playchess.com"]
[Date ""]
[Round "7"]
[Board "59"]
[White "Stolzlechner, Andreas"]
[Black "Moerwald, Miriam"]
[Result "1-0"]
[WhiteElo "1835"]
[BlackElo "1760"]
[PlyCount "55"]
[EventDate "2020.04.11"]
[EventRounds "9"]
[EventCountry "AUT"]

1. e4 e6 2. d4 d5 3. Nc3 Bb4 4. Nge2 dxe4 5. a3 Ba5 6. b4 Bb6 7. Nxe4 Nf6 8.
Nxf6+ Qxf6 9. c3 O-O 10. h4 e5 11. Bg5 Qe6 12. d5 Qd6 13. c4 c5 14. b5 f6 15.
Bd2 a6 16. a4 Bf5 17. Ng3 Bg6 18. h5 Bf7 19. Bd3 Re8 20. Nf5 Qd7 21. Qg4 g6 22.
hxg6 Bxg6 23. Rh6 e4 24. Rxg6+ hxg6 25. Qxg6+ Kh8 26. O-O-O exd3 27. Rh1+ Qh7
28. Qxh7#  1-0

[Event "1. OEsterreichische Internet Schach Meisterschaft - Vorrunde 1"]
[Site "Online - Playchess.com"]
[Date ""]
[Round "7"]
[Board "60"]
[White "Fugger, Christian"]
[Black "Guba, Viktor"]
[Result "1-0"]
[WhiteElo "1818"]
[BlackElo "1401"]
[PlyCount "93"]
[EventDate "2020.04.11"]
[EventRounds "9"]
[EventCountry "AUT"]

1. d4 Nf6 2. c4 g6 3. Nc3 Bg7 4. e4 O-O 5. Nf3 d6 6. Be2 Nbd7 7. O-O e5 8. dxe5
dxe5 9. Qc2 Qe8 10. Rd1 Nc5 11. Be3 Ncd7 12. Nd5 Nxd5 13. cxd5 Nf6 14. Bd3 b6
15. Qxc7 Nd7 16. Rac1 f5 17. exf5 gxf5 18. Bc4 Kh8 19. Ng5 f4 20. Bd2 Nc5 21.
b4 Nb7 22. d6 Nd8 23. Bc3 Ne6 24. Bxe6 Bxe6 25. d7 Qe7 26. Nxe6 Qxe6 27. d8=Q
Raxd8 28. Rxd8 Rxd8 29. Qxd8+ Qg8 30. Qxg8+ Kxg8 31. Re1 Kf7 32. Bxe5 Bxe5 33.
Rxe5 Kf6 34. Rh5 Kg6 35. Rd5 h6 36. Rd7 a5 37. bxa5 bxa5 38. Ra7 Kg5 39. Rxa5+
Kg4 40. Rb5 Kh4 41. a4 Kg4 42. a5 Kh4 43. a6 Kg4 44. a7 Kh4 45. a8=Q h5 46. Qc8
f3 47. Qh3#  1-0

[Event "1. OEsterreichische Internet Schach Meisterschaft - Vorrunde 1"]
[Site "Online - Playchess.com"]
[Date ""]
[Round "7"]
[Board "61"]
[White "Schwarz, Benedikt"]
[Black "Moerwald, Magdalena"]
[Result "0-1"]
[WhiteElo "1815"]
[BlackElo "1791"]
[PlyCount "66"]
[EventDate "2020.04.11"]
[EventRounds "9"]
[EventCountry "AUT"]

1. d4 d5 2. Bf4 e6 3. e3 c5 4. c3 Nc6 5. Nf3 Nf6 6. Nbd2 b6 7. Bd3 Bb7 8. Ne5
Rc8 9. Ndf3 Bd6 10. Qe2 Nh5 11. Nxc6 Bxc6 12. Bxd6 Qxd6 13. Ne5 Nf6 14. Nxc6 c4
15. Nxa7 Ra8 16. Nb5 Qc6 17. Na3 cxd3 18. Qxd3 Ne4 19. Nc2 O-O 20. O-O Nd6 21.
Nb4 Qc7 22. b3 Rfc8 23. Rfc1 Ne4 24. c4 Qe7 25. Nc2 Qf6 26. cxd5 Qxf2+ 27. Kh1
exd5 28. Nb4 Qf6 29. Kg1 Qd6 30. Nc2 Rc3 31. Qe2 Rac8 32. Qd1 Qf6 33. Ne1 Qf2+
{BS2000 gibt auf}  0-1

[Event "1. OEsterreichische Internet Schach Meisterschaft - Vorrunde 1"]
[Site "Online - Playchess.com"]
[Date ""]
[Round "7"]
[Board "62"]
[White "Flir, Emilio"]
[Black "Kozissnik, Christian"]
[Result "1-0"]
[WhiteElo "1843"]
[BlackElo "2023"]
[PlyCount "75"]
[EventDate "2020.04.11"]
[EventRounds "9"]
[EventCountry "AUT"]

1. d4 d5 2. Bf4 e6 3. Nf3 Ne7 4. e3 Ng6 5. Bg3 Be7 6. Bd3 O-O 7. c3 c6 8. h4
Re8 9. h5 Nf8 10. Qc2 h6 11. Nbd2 a5 12. e4 Nbd7 13. O-O-O a4 14. a3 b6 15. Bh4
Nf6 16. e5 N6h7 17. Bxe7 Qxe7 18. g4 c5 19. Rdg1 Ba6 20. Bxa6 Rxa6 21. Qd3 Ra7
22. Rh3 cxd4 23. Nxd4 Rc8 24. f4 Rac7 25. g5 hxg5 26. fxg5 Rc4 27. Nxc4 dxc4
28. Qg3 Nd7 29. g6 Nhf8 30. gxf7+ Qxf7 31. h6 g6 32. h7+ Kh8 33. Qf3 Qg7 34.
Rf1 Nxe5 35. Qf6 Nd3+ 36. Kb1 e5 37. Qxg7+ Kxg7 38. h8=Q#  1-0

[Event "1. OEsterreichische Internet Schach Meisterschaft - Vorrunde 1"]
[Site "Online - Playchess.com"]
[Date ""]
[Round "7"]
[Board "63"]
[White "Wiedermann, Daniel"]
[Black "Kwech, Martin"]
[Result "1-0"]
[WhiteElo "2048"]
[BlackElo "1105"]
[PlyCount "45"]
[EventDate "2020.04.11"]
[EventRounds "9"]
[EventCountry "AUT"]

1. d4 d5 2. c4 c6 3. Nc3 Nf6 4. e3 e6 5. Nf3 Bd6 6. Bd3 Nbd7 7. O-O O-O 8. e4
dxe4 9. Nxe4 Nxe4 10. Bxe4 Qc7 11. c5 Bf4 12. Qc2 Bxc1 13. Bxh7+ Kh8 14. Raxc1
g6 15. Bxg6 fxg6 16. Qxg6 Nf6 17. Ne5 Qg7 18. Rc3 Kg8 19. Qc2 Nd5 20. Rg3 Qxg3
21. fxg3 b6 22. Qg6+ Kh8 23. Rxf8#  1-0

[Event "1. OEsterreichische Internet Schach Meisterschaft - Vorrunde 1"]
[Site "Online - Playchess.com"]
[Date ""]
[Round "7"]
[Board "64"]
[White "Schwabeneder, Alois"]
[Black "Maister, Dieter"]
[Result "0-1"]
[WhiteElo "2004"]
[BlackElo "1851"]
[PlyCount "78"]
[EventDate "2020.04.11"]
[EventRounds "9"]
[EventCountry "AUT"]

1. e4 c6 2. d4 d5 3. Nc3 dxe4 4. Nxe4 Bf5 5. Ng3 Bg6 6. h4 h6 7. Nf3 e6 8. Bd3
Bxd3 9. Qxd3 Nf6 10. Bd2 Nbd7 11. O-O-O Bd6 12. Rhe1 Qc7 13. Ne4 Nxe4 14. Qxe4
Nf6 15. Qe2 O-O-O 16. Kb1 Nd5 17. Ne5 Rhf8 18. c4 Ne7 19. Bc3 Bxe5 20. dxe5 Nf5
21. h5 Qb6 22. g4 Ne7 23. f4 a6 24. Qe4 Qf2 25. Bb4 c5 26. Ba5 Rd4 27. Rxd4
cxd4 28. Bb4 Re8 29. Bxe7 Rxe7 30. Rd1 Rd7 31. c5 Kc7 32. Rd3 Rd5 33. a3 Qg1+
34. Ka2 Kc6 35. b4 Qf2+ 36. Kb3 Qg1 37. Kc4 Qc1+ 38. Kb3 Qb1+ 39. Kc4 Qc2+  0-1

[Event "1. OEsterreichische Internet Schach Meisterschaft - Vorrunde 1"]
[Site "Online - Playchess.com"]
[Date ""]
[Round "7"]
[Board "65"]
[White "Kuzmanovic, Zeljko"]
[Black "Kubik, Gerhard"]
[Result "0-1"]
[WhiteElo "1811"]
[BlackElo "1985"]
[PlyCount "46"]
[EventDate "2020.04.11"]
[EventRounds "9"]
[EventCountry "AUT"]

1. Nf3 g6 2. d4 Bg7 3. e4 d6 4. Be3 Nf6 5. Nc3 O-O 6. Qd2 e5 7. Bh6 exd4 8.
Nxd4 Re8 9. f3 Nc6 10. Bxg7 Kxg7 11. Nxc6 bxc6 12. Bd3 d5 13. O-O d4 14. Na4
Qd6 15. b4 a5 16. bxa5 Ba6 17. Bxa6 Rxa6 18. Nb2 c5 19. Qd3 Nh5 20. g3 Nxg3 21.
hxg3 Qxg3+ 22. Kh1 Re5 23. f4 Rh5#  0-1

[Event "1. OEsterreichische Internet Schach Meisterschaft - Vorrunde 1"]
[Site "Online - Playchess.com"]
[Date ""]
[Round "7"]
[Board "66"]
[White "Huliak, Peter"]
[Black "Katter, Marlene"]
[Result "1-0"]
[WhiteElo "1958"]
[BlackElo "1609"]
[PlyCount "63"]
[EventDate "2020.04.11"]
[EventRounds "9"]
[EventCountry "AUT"]

1. e4 e6 2. Nc3 d5 3. d4 dxe4 4. Nxe4 Nd7 5. Nf3 Ngf6 6. Ng3 c5 7. Bc4 b6 8.
O-O Bb7 9. Be3 Be7 10. dxc5 Bxc5 11. Bxc5 Nxc5 12. Qe2 O-O 13. Rad1 Qc7 14. c3
Bd5 15. Bxd5 Nxd5 16. Nd4 Nf4 17. Qg4 a6 18. Rfe1 Ng6 19. h4 h6 20. Nh5 Nd7 21.
Nxe6 fxe6 22. Qxe6+ Kh8 23. Qxg6 Ne5 24. Qe4 Rae8 25. Qd5 Ng4 26. Ng3 Nxf2 27.
Rxe8 Nh3+ 28. Kh2 Rxe8 29. Kxh3 Qc8+ 30. Qd7 Qa8 31. Nf5 Rf8 32. Qxg7#  1-0

[Event "1. OEsterreichische Internet Schach Meisterschaft - Vorrunde 1"]
[Site "Online - Playchess.com"]
[Date ""]
[Round "7"]
[Board "67"]
[White "Pedevilla, Luis"]
[Black "Katter, Katharina"]
[Result "0-1"]
[WhiteElo "1650"]
[BlackElo "1930"]
[PlyCount "38"]
[EventDate "2020.04.11"]
[EventRounds "9"]
[EventCountry "AUT"]

1. e4 e5 2. Nf3 Nc6 3. Bb5 a6 4. Ba4 Nf6 5. d3 b5 6. Bb3 d6 7. h3 Be7 8. O-O
O-O 9. c3 Na5 10. Bc2 c5 11. Bg5 h6 12. Bh4 Nh5 13. Bxe7 Qxe7 14. Nbd2 Nf4 15.
Kh2 Be6 16. Re1 Qd7 17. Nf1 Bxh3 18. gxh3 Qxh3+ 19. Kg1 Qg2#  0-1

[Event "1. OEsterreichische Internet Schach Meisterschaft - Vorrunde 1"]
[Site "Online - Playchess.com"]
[Date ""]
[Round "7"]
[Board "68"]
[White "Kanzian, Heinz"]
[Black "Griessnig, Thomas"]
[Result "0-1"]
[WhiteElo "1642"]
[BlackElo "1895"]
[PlyCount "32"]
[EventDate "2020.04.11"]
[EventRounds "9"]
[EventCountry "AUT"]

1. e4 e6 2. Nc3 d5 3. exd5 exd5 4. d4 Nc6 5. Be2 Bf5 6. Nf3 Bb4 7. a3 Ba5 8.
O-O Nge7 9. b4 Bb6 10. Na4 O-O 11. Nxb6 axb6 12. c3 Be4 13. Bd3 f5 14. h3 Qe8
15. Nh2 Qg6 16. f4 Qxg2#  0-1

[Event "1. OEsterreichische Internet Schach Meisterschaft - Vorrunde 1"]
[Site "Online - Playchess.com"]
[Date ""]
[Round "7"]
[Board "69"]
[White "Haemmerle, Dietmar"]
[Black "Friedl, Markus"]
[Result "0-1"]
[WhiteElo "1762"]
[BlackElo "1857"]
[PlyCount "134"]
[EventDate "2020.04.11"]
[EventRounds "9"]
[EventCountry "AUT"]

1. Nf3 d5 2. c4 dxc4 3. Nc3 Bf5 4. e4 Bg6 5. Bxc4 e6 6. O-O Be7 7. d4 Nf6 8. e5
Nfd7 9. a3 O-O 10. Be3 Nb6 11. Be2 Nc6 12. Rc1 Nd5 13. Nxd5 Qxd5 14. Bc4 Qd8
15. b4 a6 16. b5 axb5 17. Bxb5 Nb8 18. a4 c6 19. Bd3 Bxd3 20. Qxd3 Rxa4 21. h4
Na6 22. h5 h6 23. Nh2 Bg5 24. f4 Be7 25. f5 exf5 26. Qxf5 Nb4 27. Qg4 Kh8 28.
Rb1 Nd5 29. Bf2 b5 30. Nf3 Rc4 31. Nd2 Rc2 32. Ne4 Nc3 33. Nxc3 Rxc3 34. Qe4
Bg5 35. Rfd1 Rc4 36. Qd3 Qd5 37. Rb2 Ra8 38. Re2 Kg8 39. Qf5 Rd8 40. Qg4 Rc3
41. e6 fxe6 42. Rxe6 Rf8 43. Re5 Qb3 44. Qe6+ Qxe6 45. Rxe6 Rc2 46. Rf1 b4 47.
Ree1 b3 48. Rb1 b2 49. d5 cxd5 50. Bd4 Rxf1+ 51. Rxf1 Bf6 52. Bxf6 gxf6 53.
Rxf6 b1=Q+ 54. Kh2 Qb5 55. Rxh6 Qe2 56. Rg6+ Kh7 57. Rg5 Qe3 58. Rg4 Qe5+ 59.
Kh3 Qxh5+ 60. Rh4 Qxh4+ 61. Kxh4 Rxg2 62. Kh3 Rg8 63. Kh2 d4 64. Kh3 d3 65. Kh4
d2 66. Kh5 d1=Q+ 67. Kh4 Qg4#  0-1

[Event "1. OEsterreichische Internet Schach Meisterschaft - Vorrunde 1"]
[Site "Online - Playchess.com"]
[Date ""]
[Round "7"]
[Board "70"]
[White "Kipman, Felix"]
[Black "Virag, Herbert"]
[Result "1-0"]
[WhiteElo "1576"]
[BlackElo "1772"]
[PlyCount "63"]
[EventDate "2020.04.11"]
[EventRounds "9"]
[EventCountry "AUT"]

1. e4 c5 2. Nc3 Nc6 3. f4 d6 4. Bb5 g6 5. Bxc6+ bxc6 6. Nf3 Bg7 7. d3 e6 8. Bd2
Ne7 9. O-O O-O 10. Qc1 f5 11. Ng5 Bd7 12. Qe1 h6 13. Nf3 Rb8 14. Rb1 Qc7 15.
Qg3 a5 16. Nh4 Kh7 17. Rfe1 Qd8 18. Nf3 Qc7 19. Qh3 Rb4 20. a3 Rb7 21. exf5
Rxf5 22. Ng5+ Kg8 23. Nxe6 Bxe6 24. Rxe6 Nd5 25. Rxg6 Qf7 26. Qxh6 Nxf4 27.
Bxf4 Rxf4 28. Rxg7+ Qxg7 29. Qxf4 Rf7 30. Qc4 Qf6 31. Ne4 Qf5 32. Re1 {Zeit}
 1-0

[Event "1. OEsterreichische Internet Schach Meisterschaft - Vorrunde 1"]
[Site "Online - Playchess.com"]
[Date ""]
[Round "7"]
[Board "71"]
[White "Ploeckinger, Paul"]
[Black "Kessler, Manuel"]
[Result "0-1"]
[WhiteElo "1334"]
[BlackElo "1731"]
[PlyCount "154"]
[EventDate "2020.04.11"]
[EventRounds "9"]
[EventCountry "AUT"]

1. b3 d5 2. Bb2 Nc6 3. Nf3 Nf6 4. d4 Bg4 5. e3 e6 6. h3 Bh5 7. c4 Be7 8. Nbd2
O-O 9. Qc2 a5 10. Bd3 Nb4 11. Qb1 Nxd3+ 12. Qxd3 Bg6 13. Qe2 c6 14. cxd5 cxd5
15. O-O Qb6 16. Ne5 Rfc8 17. Rac1 a4 18. Nxg6 hxg6 19. Rxc8+ Rxc8 20. Rc1 Rxc1+
21. Bxc1 axb3 22. Nxb3 Ne4 23. f3 Nd6 24. Nc5 Nc4 25. Nd7 Qb1 26. Qe1 Ba3 27.
Bd2 Nxd2 28. Qxb1 Nxb1 29. Ne5 Nc3 30. Nd3 Nxa2 31. Kf2 b5 32. Ke2 Nb4 33. Nf4
Nc6 34. Kd2 Bb4+ 35. Kc2 Ba5 36. Kb3 Kf8 37. Nd3 Ke7 38. Nc5 Bb6 39. Nd3 Kd6
40. g3 Kc7 41. Nf4 Na5+ 42. Kb4 Nc4 43. e4 dxe4 44. fxe4 Bxd4 45. Kxb5 Ne5 46.
Kb4 Kd6 47. Ne2 Bc5+ 48. Kc3 g5 49. h4 gxh4 50. gxh4 g6 51. Nf4 Nf3 52. h5 gxh5
53. Nxh5 Ke5 54. Kd3 Ng5 55. Ng3 Bd6 56. Ke3 Kf6 57. Ne2 Kg6 58. Kd3 Kh5 59.
Ke3 Kg4 60. Kd4 Kf3 61. Nc3 f5 62. exf5 exf5 63. Kd5 Bg3 64. Nd1 Ke2 65. Nc3+
Kd2 66. Kd4 f4 67. Ne4+ Nxe4 68. Kxe4 Ke2 69. Kf5 f3 70. Kg4 f2 71. Kxg3 f1=Q
72. Kg4 Ke3 73. Kh5 Qg1 74. Kh6 Kf4 75. Kh7 Kf5 76. Kh8 Kf6 77. Kh7 Qg7#  0-1

[Event "1. OEsterreichische Internet Schach Meisterschaft - Vorrunde 1"]
[Site "Online - Playchess.com"]
[Date ""]
[Round "7"]
[Board "72"]
[White "Pasteiner, Gernot"]
[Black "Klinglmair, Guenter"]
[Result "0-1"]
[WhiteElo "1632"]
[BlackElo "1483"]
[PlyCount "68"]
[EventDate "2020.04.11"]
[EventRounds "9"]
[EventCountry "AUT"]

1. e4 c6 2. c4 d5 3. exd5 cxd5 4. cxd5 Qxd5 5. Nc3 Qd8 6. Nf3 Bf5 7. Bb5+ Nd7
8. Qa4 a6 9. Be2 b5 10. Qb3 e6 11. O-O Bc5 12. Re1 Ngf6 13. d4 Bd6 14. Bg5 O-O
15. Rad1 Qc7 16. h3 Ne4 17. Nxe4 Bxe4 18. Qe3 f6 19. Qxe4 fxg5 20. Qxe6+ Kh8
21. Nxg5 Nf6 22. Bd3 Rae8 23. Qf5 g6 24. Qxf6+ Rxf6 25. Rxe8+ Kg7 26. Ne6+ Rxe6
27. Rxe6 Qc6 28. Be4 Bh2+ 29. Kh1 Qxe6 30. Re1 Qxa2 31. Kxh2 Qxb2 32. Bd5 Qxd4
33. Re7+ Kh6 34. Rd7 Qxf2  0-1

[Event "1. OEsterreichische Internet Schach Meisterschaft - Vorrunde 1"]
[Site "Online - Playchess.com"]
[Date ""]
[Round "7"]
[Board "73"]
[White "Steirer, Gerhard"]
[Black "Hofer, Martin"]
[Result "1-0"]
[WhiteElo "1854"]
[BlackElo "1603"]
[PlyCount "43"]
[EventDate "2020.04.11"]
[EventRounds "9"]
[EventCountry "AUT"]

1. e4 d5 2. exd5 Nf6 3. d4 Nxd5 4. c4 Nf6 5. Nc3 e6 6. Nf3 Be7 7. Be3 O-O 8.
Bd3 h6 9. Qd2 Nc6 10. O-O-O Nb4 11. Bb1 a5 12. h3 c6 13. g4 Nh7 14. Bxh6 b5 15.
c5 Nd5 16. Nxd5 Qxd5 17. Qd3 f5 18. Bxg7 Kxg7 19. gxf5 exf5 20. Rhg1+ Kh8 21.
Ne5 Ng5 22. Ng6+ {Homawog gibt auf}  1-0

[Event "1. OEsterreichische Internet Schach Meisterschaft - Vorrunde 1"]
[Site "Online - Playchess.com"]
[Date ""]
[Round "7"]
[Board "75"]
[White "Thummer, Philipp"]
[Black "Zechner, Andrea"]
[Result "1-0"]
[WhiteElo "1207"]
[BlackElo "1862"]
[PlyCount "63"]
[EventDate "2020.04.11"]
[EventRounds "9"]
[EventCountry "AUT"]

1. e4 e6 2. Nf3 d5 3. exd5 exd5 4. d4 Bd6 5. c4 c6 6. c5 Bc7 7. Bd3 Nf6 8. h3
O-O 9. O-O Nbd7 10. Bg5 b6 11. b4 a5 12. bxa5 bxc5 13. dxc5 Nxc5 14. Nd4 Nxd3
15. Qxd3 Bd7 16. a6 c5 17. Nf3 Bc6 18. Re1 Qd6 19. Bxf6 Qxf6 20. Nc3 c4 21. Qd4
Qd6 22. Rab1 Rxa6 23. Nb5 Qd7 24. Nxc7 Qxc7 25. Re2 Rfa8 26. Rbb2 h6 27. Ne5
Qd6 28. Nxc4 Qd7 29. Ne3 Bb5 30. Red2 Qc6 31. Qxd5 Qxd5 32. Nxd5 {Zeit}  1-0

[Event "1. OEsterreichische Internet Schach Meisterschaft - Vorrunde 1"]
[Site "Online - Playchess.com"]
[Date ""]
[Round "7"]
[Board "76"]
[White "Simon, Christopher"]
[Black "Schein, Leopold"]
[Result "0-1"]
[WhiteElo "1824"]
[BlackElo "1584"]
[PlyCount "134"]
[EventDate "2020.04.11"]
[EventRounds "9"]
[EventCountry "AUT"]

1. d4 Nf6 2. Bf4 d5 3. e3 c5 4. c3 Nc6 5. Nf3 Qb6 6. Qc2 g6 7. Nbd2 Bf5 8. Qb3
c4 9. Qxb6 axb6 10. Ne5 Nh5 11. Bg3 Nxg3 12. hxg3 Nxe5 13. dxe5 Bg7 14. f4 O-O
15. Be2 f6 16. exf6 Bxf6 17. O-O Rfe8 18. a3 e5 19. Kf2 exf4 20. gxf4 Re7 21.
g4 Bd7 22. Bf3 Bc6 23. Rae1 Rae8 24. Rh1 Bg7 25. Nf1 d4 26. cxd4 Bxd4 27. Bxc6
bxc6 28. Rh3 Bxb2 29. Nd2 c3 30. Nc4 b5 31. Nxb2 cxb2 32. Rb1 Ra8 33. Rxb2 Rxa3
34. f5 gxf5 35. gxf5 Rf7 36. Rf3 Rc3 37. e4 Rxf3+ 38. Kxf3 Kf8 39. Kf4 Rf6 40.
e5 Rh6 41. e6 Ke7 42. Rd2 Kf6 43. Kg4 Rh1 44. Rf2 h5+ 45. Kf4 c5 46. Ke4 Re1+
47. Kd5 c4 48. Kc5 c3 49. Kxb5 c2 50. Rxc2 Kxf5 51. Rh2 Kg4 52. Rg2+ Kf3 53.
Rg6 h4 54. Rh6 Kg3 55. Kc6 h3 56. Kd6 h2 57. e7 Rxe7 58. Kc6 Re4 59. Kd5 Rh4
60. Rg6+ Kf2 61. Rf6+ Kg2 62. Rg6+ Kf2 63. Rf6+ Ke2 64. Re6+ Kd2 65. Ra6 h1=Q+
66. Ke5 Qe4+ 67. Kf6 Rh6+ {AGMCS gibt auf}  0-1

[Event "1. OEsterreichische Internet Schach Meisterschaft - Vorrunde 1"]
[Site "Online - Playchess.com"]
[Date ""]
[Round "7"]
[Board "77"]
[White "Schein, Alexander"]
[Black "Ticar, Clemens"]
[Result "1-0"]
[WhiteElo "1631"]
[BlackElo "1753"]
[PlyCount "123"]
[EventDate "2020.04.11"]
[EventRounds "9"]
[EventCountry "AUT"]

1. e4 d6 2. d4 Nf6 3. Nc3 e5 4. dxe5 dxe5 5. Qxd8+ Kxd8 6. Nf3 Bd6 7. Bc4 Be6
8. Bxe6 fxe6 9. Bg5 Ke7 10. O-O-O Nc6 11. a3 h6 12. Be3 a6 13. Na4 b5 14. Nc5
Bxc5 15. Bxc5+ Kf7 16. Rhe1 a5 17. Rd3 b4 18. Nd2 bxa3 19. Bxa3 Rhd8 20. Rc3
Nd4 21. Rxc7+ Kg8 22. Nc4 Rdc8 23. Rxc8+ Rxc8 24. Ne3 Nxe4 25. f3 Nf2 26. Rf1
Nd3+ 27. Kd2 Nb4 28. c4 Nf5 29. b3 g5 30. Ng4 e4 31. fxe4 Nd4 32. Kc3 Nb5+ 33.
Kb2 Nxa3 34. Kxa3 Nd3 35. Nxh6+ Kh7 36. Ng4 Nc5 37. Nf6+ Kg6 38. e5 Rb8 39. Rf3
g4 40. Nxg4 Kg5 41. Nf6 Rb4 42. g3 Rb8 43. h4+ Kg6 44. Re3 Rd8 45. h5+ Kh6 46.
g4 Rd1 47. Ne4 a4 48. Nxc5 axb3 49. Kxb3 Rb1+ 50. Kc2 Rg1 51. Re4 Kg5 52. Nxe6+
Kh6 53. c5 Rg2+ 54. Kd3 Rg1 55. Kd2 Rc1 56. Kxc1 Kh7 57. g5 Kh8 58. c6 Kh7 59.
c7 Kh8 60. c8=Q+ Kh7 61. g6+ Kh6 62. Qh8#  1-0

[Event "1. OEsterreichische Internet Schach Meisterschaft - Vorrunde 1"]
[Site "Online - Playchess.com"]
[Date ""]
[Round "7"]
[Board "79"]
[White "Mittelbach, Eduard"]
[Black "Gschiel, Alexander"]
[Result "0-1"]
[WhiteElo "1667"]
[BlackElo "1908"]
[PlyCount "42"]
[EventDate "2020.04.11"]
[EventRounds "9"]
[EventCountry "AUT"]

1. e4 c5 2. Nc3 d6 3. Nge2 a6 4. f4 g6 5. d4 cxd4 6. Nxd4 Bg7 7. Bc4 Nf6 8. O-O
O-O 9. Be3 b5 10. Bb3 Bb7 11. e5 dxe5 12. fxe5 Nd5 13. Bd2 Bxe5 14. Re1 Bxd4+
15. Kh1 Bxc3 16. bxc3 Qc7 17. Bh6 Rd8 18. Qd4 Nf6 19. Qe3 Ng4 20. Bxf7+ Kh8 21.
Qd4+ Rxd4 {Kater_ed gibt auf}  0-1